| 000 | 01569cam a22003494a 4500 | ||
|---|---|---|---|
| 999 |
_c27108 _d27108 |
||
| 001 | 12126927 | ||
| 003 | OSt | ||
| 005 | 20170207121440.0 | ||
| 008 | 000801s2000 ohuab bc 000 0 eng | ||
| 010 | _a 00107401 | ||
| 020 | _a094071759X | ||
| 040 |
_aDLC _cDLC |
||
| 042 | _apcc | ||
| 043 |
_aa-cc--- _an-us-wi _an-us-oh |
||
| 050 | 0 | 0 |
_aNK8440.2.C6 _bC472 2000 |
| 100 | 1 | _aChou, Ju-hsi. | |
| 245 | 1 | 0 |
_aCircles of reflection : _bthe Carter collection of Chinese bronze mirrors / _cJu-Hsi Chou ; technical analysis by Bruce Christman. |
| 246 | 1 |
_iCover title also in Chinese: _aJian ri zhi kuang |
|
| 260 |
_aCleveland, Ohio : _bCleveland Museum of Art, _cc2000. |
||
| 300 |
_ax, 132 p. : _bill. (some col.), map ; _c28 cm. |
||
| 500 | _aPublished on occasion of an exhibition held at Cleveland Museum of Art, Sept. 17-Nov. 26, 2000. | ||
| 504 | _aIncludes bibliographical references (p. 129-132). | ||
| 600 | 1 | 0 |
_aCarter, Thomas, _cDr. _xArt collections _vExhibitions. |
| 600 | 1 | 0 |
_aCarter, Martha, _cDr. _xArt collections _vExhibitions. |
| 610 | 2 | 0 |
_aCleveland Museum of Art _vExhibitions. |
| 650 | 0 |
_aBronze mirrors _zChina _vExhibitions. |
|
| 650 | 0 |
_aBronze mirrors _xPrivate collections _zOhio _zCleveland _vExhibitions. |
|
| 650 | 0 |
_aBronze mirrors _zOhio _zCleveland _vExhibitions. |
|
| 906 |
_a7 _bcbc _corignew _d2 _eepcn _f20 _gy-gencatlg |
||
| 942 |
_2lcc _cBOOKS _hNK 8440.2 .C6C472 2000 |
||
| 987 |
_aPINYIN _bDLC _c20020920 |
||